[Event "Cattolica"]
[Site "Cattolica"]
[Date "1993.??.??"]
[Round "3"]
[White "Cocozza, Mario"]
[Black "Almasi, Zoltan"]
[Result "0-1"]
[WhiteElo "2350"]
[BlackElo "2580"]

1.e4 e5 2.Nf3 Nc6 3.Bb5 a6 4.Ba4 Nf6 5.O-O Be7 6.Bxc6 dxc6 7.Nc3 Bg4 8.Qe2 Nd7
9.Nd1 Bc5 10.Ne3 Bh5 11.Nf5 Qf6 12.d3 g6 13.Ng3 Bg4 14.h3 Bxf3 15.Qxf3 Qe7
16.c3 Nf8 17.Be3 Ne6 18.Ne2 Rd8 19.Rad1 O-O 20.d4 Bd6 21.g3 f6 22.Qg2 exd4
23.cxd4 c5 24.d5 Ng7 25.Rfe1 Rde8 26.Nc3 b5 27.f3 Nh5 28.Bf2 Qd7 29.Rd2 f5
30.exf5 Rxe1+ 31.Bxe1 Qxf5 32.f4 Bxf4 33.gxf4 Nxf4 34.Qe4 Qxh3 35.Rh2 Qg4+
36.Kh1 b4 37.Ne2 h5 38.Ng3 h4 39.Ne2 h3 40.Nxf4 Rxf4 41.Qe2 Qf5 42.Qe8+ Kh7
43.Qe7+ Kh6 44.Bd2  0-1

[Event "Cattolica"]
[Site "Cattolica"]
[Date "1993.??.??"]
[Round "4"]
[White "Almasi, Zoltan"]
[Black "Novikov, Igor A"]
[Result "1-0"]
[WhiteElo "2580"]
[BlackElo "2545"]

1.e4 c5 2.Nf3 d6 3.d4 cxd4 4.Nxd4 Nf6 5.Nc3 a6 6.f4 e5 7.Nf3 Nbd7 8.a4 Be7
9.Bd3 O-O 10.O-O Nc5 11.Kh1 Qc7 12.Qe1 Re8 13.fxe5 dxe5 14.Qg3 Bd8 15.Nh4 Kh8
16.Nf5 Bxf5 17.Rxf5 Nxd3 18.cxd3 Qd7 19.Bg5 Ng8 20.Bd2 f6 21.Nd5 Ne7 22.Rh5 Qe6
23.Rf1 Qg8 24.Nxe7 Bxe7 25.Qg6 Bf8 26.Rf3 h6 27.Bxh6 gxh6 28.Rxh6+ Bxh6 29.Qxh6+ Qh7
30.Qxf6+ Qg7 31.Rh3+ Kg8 32.Rg3 Qxg3 33.hxg3 Rad8 34.Qg6+ Kf8 35.Qf6+ Kg8
36.Qb6 Rd7 37.g4 Kf7 38.Qf2+ Kg7 39.g5 Re6 40.Qf5 Rde7 41.Kh2 Rd6 42.g3 a5
43.Kh3 b6 44.Kg4 Re8 45.b3 Ree6 46.Kh5 Re7 47.g4 Rc6 48.d4 exd4 49.Qd5 Ree6
50.Qxd4+ Kg8 51.e5 Kg7 52.Qd7+ Kg8 53.Kh4 Rg6 54.Kg3 Rc5 55.Kf4 Rc1 56.Kf5  1-0

[Event "Cattolica"]
[Site "Cattolica"]
[Date "1993.??.??"]
[Round "7"]
[White "Almasi, Zoltan"]
[Black "Shneider, Aleksandr"]
[Result "1/2-1/2"]
[WhiteElo "2580"]
[BlackElo "2560"]

1.e4 c5 2.Nf3 d6 3.d4 cxd4 4.Nxd4 Nf6 5.Nc3 a6 6.f4 e5 7.Nf3 Nbd7 8.a4 Be7
9.Bd3 O-O 10.O-O exf4 11.Kh1 Nh5 12.Nd4 Ndf6 13.Be2 g6 14.Bxh5 Nxh5 15.Nd5 Bg5
16.Nxf4 Nxf4 17.Bxf4 Bxf4 18.Rxf4 Qe8 19.Qd2 Bd7 20.b3 Rc8 21.Rd1 Rc5 22.Ne2 Bc6
23.Ng3 b5 24.axb5 axb5 25.h3 Ba8 26.Rdf1 Re5 27.Rf6 d5 28.exd5 Bxd5 29.R1f2 Re1+
30.Kh2 Qe5  1/2-1/2

[Event "Cattolica"]
[Site "Cattolica"]
[Date "1993.??.??"]
[Round "9"]
[White "Almasi, Zoltan"]
[Black "Zsinka, Laszlo"]
[Result "1-0"]
[WhiteElo "2580"]
[BlackElo "2325"]

1.e4 e5 2.Nf3 Nc6 3.Bb5 a6 4.Ba4 g6 5.O-O Bg7 6.c3 d6 7.d4 Bd7 8.d5 Nb8 9.Bxd7+ Nxd7
10.c4 h6 11.Ne1 Ne7 12.Nc3 O-O 13.Nd3 f5 14.f3 Nf6 15.Bd2 Kh7 16.Qe2 Qd7
17.b4 fxe4 18.fxe4 Nh5 19.g3 Ng8 20.c5 Rxf1+ 21.Rxf1 Rf8 22.Rc1 Bf6 23.c6 bxc6
24.dxc6 Qe6 25.Nd5 Bd8 26.Nf2 Nhf6 27.Nxf6+ Nxf6 28.Qxa6 d5 29.Qe2 Nxe4 30.Nxe4 dxe4
31.Qc4 Qd6 32.Be3 Qd3 33.Qxd3 exd3 34.Rc3 e4 35.Rc4 Re8 36.Kf2 Bf6 37.b5 Rd8
38.Ke1 Re8 39.Kd2 g5 40.a4 Kg6 41.a5 Re5 42.Rc5 Re8 43.b6 cxb6 44.axb6 Ra8
45.c7 Ra2+ 46.Kd1 Rxh2 47.c8=Q Rh1+ 48.Kd2 Rh2+ 49.Ke1 Re2+ 50.Kf1  1-0

[Event "HUN-chT"]
[Site "HUN"]
[Date "1993.??.??"]
[Round "?"]
[White "Almasi, Zoltan"]
[Black "Bagonyai, Attila"]
[Result "1-0"]
[WhiteElo "2490"]
[BlackElo "2270"]

1.e4 e6 2.d4 d5 3.Nc3 Nf6 4.Bg5 Be7 5.e5 Nfd7 6.Bxe7 Qxe7 7.f4 a6 8.Nf3 b6
9.Bd3 c5 10.O-O Nc6 11.Qe1 g6 12.a3 Bb7 13.Qf2 f5 14.Rfd1 c4 15.Bf1 b5 16.b3 Rc8
17.bxc4 bxc4 18.h4 Nd8 19.h5 Nf7 20.hxg6 hxg6 21.Qg3 Rg8 22.Be2 Kd8 23.Kf2 g5
24.Kf1 Kc7 25.Rdb1 gxf4 26.Qe1 Nd8 27.Rb2 Qh7 28.Qf2 Rg3 29.Ke1 Bc6 30.Bf1 Rb8
31.Rxb8 Kxb8 32.Qd2 Qh1 33.Rb1+ Nb7 34.Kf2 Qh6 35.Be2 Ka7 36.Qe1 Rg5 37.Nxg5 Qxg5
38.Bf3 Qe7 39.Qc1 Qh4+  1-0

[Event "HUN-chT"]
[Site "HUN"]
[Date "1993.??.??"]
[Round "?"]
[White "Almasi, Zoltan"]
[Black "Szell, Lajos"]
[Result "1-0"]
[WhiteElo "2490"]
[BlackElo "2325"]

1.e4 e5 2.Nf3 Nc6 3.Bb5 f5 4.Nc3 fxe4 5.Nxe4 d5 6.Nxe5 dxe4 7.Nxc6 Qg5 8.Qe2 Nf6
9.Ne5+ c6 10.f4 Qxf4 11.d4 Qh4+ 12.g3 Qh3 13.Bc4 Be6 14.Bg5 Bd6 15.O-O-O O-O-O
16.Bxe6+ Qxe6 17.Qc4 Rde8 18.Nf7 Rhf8 19.Nxd6+ Qxd6 20.Bf4 Qe7 21.d5 Qd7
22.Qa4 cxd5 23.Qxa7 Qc6 24.c4 Qxc4+ 25.Kb1 Qa6 26.Qc5+ Qc6 27.Qd4 Kd7 28.Rc1 Qa6
29.Rc7+ Kd8 30.Rd1 g5 31.Qxd5+  1-0

[Event "HUN-chT"]
[Site "HUN"]
[Date "1993.??.??"]
[Round "?"]
[White "Almasi, Zoltan"]
[Black "Restas, Peter"]
[Result "1-0"]
[WhiteElo "2490"]
[BlackElo "2230"]

1.e4 c5 2.Nf3 d6 3.d4 cxd4 4.Nxd4 Nf6 5.Nc3 a6 6.f4 e6 7.Qf3 Qc7 8.g4 Nc6
9.Nb3 b5 10.g5 Nd7 11.Bd3 Nb6 12.Be3 Nc4 13.Bxc4 bxc4 14.Nd4 Rb8 15.O-O-O Bd7
16.Rhf1 Be7 17.Nxc6 Bxc6 18.Qe2 O-O 19.f5 exf5 20.exf5 Qb7 21.f6 Bd8 22.Bd4 Qxb2+
23.Kd2 Ba4 24.Rc1 g6 25.Qe4 Ba5 26.Rb1 Qa3 27.Rxb8 Rxb8 28.Rb1 Rc8 29.Qd5 Qxa2
30.Rc1 Bb5 31.Re1 Rf8 32.h4 Bd7 33.Qxd6 Bf5 34.Qxf8+  1-0

[Event "HUN-chT"]
[Site "HUN"]
[Date "1993.??.??"]
[Round "?"]
[White "Almasi, Zoltan"]
[Black "Horvath, Imre"]
[Result "1-0"]
[WhiteElo "2490"]
[BlackElo "2365"]

1.e4 e5 2.Nf3 Nc6 3.Bb5 a6 4.Ba4 Nf6 5.O-O Be7 6.Re1 b5 7.Bb3 d6 8.c3 O-O
9.h3 Na5 10.Bc2 c5 11.d4 cxd4 12.cxd4 Qc7 13.Nbd2 Bb7 14.d5 Bc8 15.Nf1 Bd7
16.Ne3 Nc4 17.Nxc4 bxc4 18.Bd2 Rab8 19.Bc3 Rfc8 20.Kh2 Qc5 21.Qe2 Bd8 22.Nd2 Ba5
23.Bxa5 Rxb2 24.Rac1 c3 25.Nb3 Rxb3 26.axb3 Qxa5 27.Ra1 Qc5 28.Qe3 Bb5 29.Qxc5 Rxc5
30.Re3 Nd7 31.g4 h5 32.Rc1 hxg4 33.hxg4 Nf6 34.f3 Bd7 35.Kg3 Kf8 36.Bb1 Ra5
37.Rexc3 Ke7 38.Bd3 Ne8 39.b4 Ra2 40.R1c2 Ra1 41.Rb2 Nf6 42.Kg2 Kd8 43.b5 axb5
44.Bxb5 Bxb5 45.Rxb5 Ra7 46.Rb8+ Ke7 47.Rcb3 Nd7 48.R8b7 Rxb7 49.Rxb7 Ke8
50.Kf2 Nc5 51.Rb8+ Ke7 52.Ke3 g6 53.Rb5 Nd7 54.Rb7 Ke8 55.Rc7 Kd8 56.Ra7 Ke8
57.Kd3 Nf6 58.Kc4  1-0

[Event "HUN-chT"]
[Site "HUN"]
[Date "1993.??.??"]
[Round "?"]
[White "Almasi, Zoltan"]
[Black "Toth, Janos"]
[Result "1-0"]
[WhiteElo "2490"]
[BlackElo "2270"]

1.e4 e5 2.Nf3 Nc6 3.Bb5 a6 4.Ba4 Nf6 5.O-O b5 6.Bb3 Bc5 7.c3 d6 8.d4 Bb6
9.h3 h6 10.Be3 Bb7 11.Nbd2 O-O 12.a4 exd4 13.cxd4 Nb4 14.axb5 axb5 15.Qe2 Qd7
16.d5 Bxe3 17.Qxe3 Rfe8 18.Rxa8 Bxa8 19.Qc3 Na6 20.Ra1 Bb7 21.Bc2 Nc5 22.Ra7 c6
23.b4 Ncxe4 24.Nxe4 Nxe4 25.dxc6 Qxc6 26.Qxc6 Bxc6 27.Bb3 d5 28.Rc7 Ba8 29.Nd4 Nd2
30.f3 Kf8 31.Ba2 Rb8 32.Rc5 Nc4 33.Rxb5 Rxb5 34.Nxb5 Ke7 35.Bxc4 dxc4 36.Kf2 g5
37.g3 Bd5 38.Ke3 Kf6 39.Nc3 Be6 40.Ne4+ Ke5 41.f4+ gxf4+ 42.gxf4+ Kd5 43.Nc3+ Kc6
44.h4 f6 45.Kd4 Kd6 46.Ne4+ Ke7 47.b5 Bd7 48.Kxc4 Bxb5+ 49.Kxb5 Ke6 50.Ng3 Kd5
51.h5 Kd4 52.Nf5+ Ke4 53.Nxh6 Kxf4 54.Nf7 Kf5 55.Kc5 Ke6 56.Nd6 f5 57.h6  1-0

[Event "HUN-chT"]
[Site "HUN"]
[Date "1993.??.??"]
[Round "?"]
[White "Gyurkovics, Miklos"]
[Black "Almasi, Zoltan"]
[Result "1-0"]
[WhiteElo "2250"]
[BlackElo "2490"]

1.c4 e5 2.Nc3 Nf6 3.Nf3 Nc6 4.e3 Bb4 5.Nd5 e4 6.Ng1 O-O 7.Qc2 Re8 8.Ne2 b5
9.Ng3 Bf8 10.Nxf6+ Qxf6 11.cxb5 Nb4 12.Qb1 Qg6 13.a3 Nd3+ 14.Bxd3 exd3 15.f4 Bb7
16.O-O h5 17.f5 Qg5 18.Rf2 h4 19.Nf1 Be4 20.b4 Re5 21.Bb2 Rxf5 22.Qe1 Rb8
23.a4 Rb6 24.Rc1 Rg6 25.Rc4 Qxg2+ 26.Rxg2 Rxg2+ 27.Kh1 Re2+  1-0

[Event "HUN-chT"]
[Site "HUN"]
[Date "1993.??.??"]
[Round "?"]
[White "Monda, Laszlo"]
[Black "Almasi, Zoltan"]
[Result "0-1"]
[WhiteElo "2270"]
[BlackElo "2470"]

1.e4 e5 2.Nf3 Nc6 3.Bb5 a6 4.Ba4 Nf6 5.d3 b5 6.Bb3 Be7 7.O-O d6 8.c3 O-O
9.Re1 Na5 10.Bc2 c5 11.Nbd2 Re8 12.Nf1 h6 13.h3 Bf8 14.Ng3 g6 15.Nh2 Nh7
16.Bd2 Be6 17.Qc1 h5 18.f4 exf4 19.Bxf4 Nc6 20.Nf3 Bg7 21.Qd2 Ne5 22.Rf1 Nxf3+
23.Rxf3 d5 24.exd5 Bxd5 25.Rf2 b4 26.Bb3 bxc3 27.bxc3 Qd7 28.Ne4 Qc6 29.Bxd5 Qxd5
30.Bh6 c4 31.Raf1 Re7 32.Bxg7 Kxg7 33.Rf3 cxd3 34.Nf2 Re2 35.Qxd3 Qxa2 36.Qd4+ Kg8
37.Rg3 Rae8 38.Nd3 R2e4 39.Qc5 h4 40.Rgf3 Re2 41.R3f2 Rxf2 42.Nxf2 Re2 43.Qd4 Qd2
44.Qxd2 Rxd2 45.Ra1 Rd6 46.Ra4 Rc6 47.Nd1 g5 48.Ra5 f6 49.Kf2 Nf8 50.Ne3 Ne6
51.Nd5 Kf7 52.Ra3 Rc5 53.Ne3 a5 54.g3 hxg3+ 55.Kxg3 Nf4 56.c4 f5 57.Rb3 Ne6
58.Kf2 Kf6 59.Ra3 Ke5 60.Nd5 Kd4 61.Nb6 Nf4 62.h4 gxh4 63.Kf3 Nd3  0-1

[Event "HUN-ch"]
[Site "HUN"]
[Date "1993.??.??"]
[Round "2"]
[White "Almasi, Zoltan"]
[Black "Leko, Peter"]
[Result "1/2-1/2"]
[WhiteElo "2580"]
[BlackElo "2555"]

1.e4 c5 2.Nf3 d6 3.d4 cxd4 4.Nxd4 Nf6 5.Nc3 Nc6 6.Bg5 e6 7.Qd2 Be7 8.O-O-O Nxd4
9.Qxd4 O-O 10.f4 Qa5 11.Bc4 Bd7 12.e5 dxe5 13.fxe5 Bc6 14.Bd2 Nd7 15.Nd5 Qd8
16.Nxe7+ Qxe7 17.Rhe1 Rfd8 18.Qg4 Nf8 19.h4 Qc5 20.Bc3 Qf2 21.Rd6 Qxg2 22.Qd4 Rdc8
23.Bd2 Ng6 24.h5 Ne7 25.Bd3 Qh3 26.h6 Nf5 27.Bxf5 Qxf5 28.c3 a5 29.Qg1 g6
30.Rd4 Rd8 31.Rf4 Qd3 32.Qf2 Qd7 33.Rf1 f5 34.exf6 Kf7 35.Re1 b5  1/2-1/2

[Event "HUN-ch"]
[Site "HUN"]
[Date "1993.??.??"]
[Round "5"]
[White "Almasi, Zoltan"]
[Black "Farago, Ivan"]
[Result "1/2-1/2"]
[WhiteElo "2580"]
[BlackElo "2540"]

1.e4 e6 2.d4 d5 3.Nc3 Bb4 4.e5 Ne7 5.a3 Bxc3+ 6.bxc3 c5 7.Qg4 O-O 8.Bd3 f5
9.exf6 Rxf6 10.Bg5 Rf7 11.Qh4 h6 12.Bxe7 Rxe7 13.Ne2 Nc6 14.O-O c4 15.Bg6 Bd7
16.f4 Be8 17.Bxe8 Qxe8 18.Qg4 Kh7 19.Rae1 Rd8 20.Ng3 Qg6 21.Qxg6+ Kxg6 22.Rxe6+ Rxe6
23.f5+ Kf7 24.fxe6+ Kxe6 25.Nh5 Rg8 26.g4 g6 27.Nf4+ Kd6 28.Re1 Ne7 29.Re6+ Kd7
30.Re5 Kd6 31.Re6+ Kd7 32.Re5 Kd6 33.Re6+  1/2-1/2

[Event "HUN-ch"]
[Site "HUN"]
[Date "1993.??.??"]
[Round "7"]
[White "Almasi, Zoltan"]
[Black "Csom, Istvan"]
[Result "1-0"]
[WhiteElo "2580"]
[BlackElo "2475"]

1.e4 c5 2.Nf3 a6 3.c3 d5 4.exd5 Qxd5 5.d4 e6 6.Be2 Nf6 7.O-O Nc6 8.Be3 cxd4
9.cxd4 Qd8 10.Nc3 Be7 11.Ne5 Nb4 12.Bf3 O-O 13.Qb3 Nbd5 14.Bg5 Nxc3 15.bxc3 Ra7
16.Rfd1 Qc7 17.c4 Bd6 18.Bxf6 gxf6 19.Ng4 Be7 20.Qe3 f5 21.Ne5 Bf6 22.Rab1 a5
23.c5 Rd8 24.Bh5 Rf8 25.Nc4 Bd7 26.Nd6 Bg7 27.Bf3 Bc6 28.d5 exd5 29.Bxd5 Ra6
30.Bc4 Raa8 31.Nxf5 Be5 32.Nd6 Bg7 33.Qg5 h6 34.Qf5 Qe7 35.Bd5 Bxd5 36.Qxd5  1-0

[Event "HUN-ch"]
[Site "HUN"]
[Date "1993.??.??"]
[Round "8"]
[White "Kallai, Gabor"]
[Black "Almasi, Zoltan"]
[Result "1/2-1/2"]
[WhiteElo "2460"]
[BlackElo "2580"]

1.d4 Nf6 2.c4 g6 3.Nc3 Bg7 4.e4 d6 5.Be2 O-O 6.Bg5 a6 7.Nf3 Bg4 8.O-O Nfd7
9.d5 c6 10.Qd2 Re8 11.Rac1 Qa5 12.h3 Bxf3 13.Bxf3 c5 14.Bh6 b5 15.Bxg7 Kxg7
16.b3 bxc4 17.bxc4 Nb6 18.Be2 N8d7 19.f4 Rab8 20.Qc2 Na8 21.Bg4 Ndb6 22.Be2 Nd7
23.Bg4 Ndb6  1/2-1/2

[Event "HUN-ch"]
[Site "HUN"]
[Date "1993.??.??"]
[Round "10"]
[White "Tolnai, Tibor"]
[Black "Almasi, Zoltan"]
[Result "1/2-1/2"]
[WhiteElo "2490"]
[BlackElo "2580"]

1.e4 e5 2.Nf3 Nc6 3.Bb5 a6 4.Ba4 Nf6 5.O-O Be7 6.Re1 b5 7.Bb3 O-O 8.c3 d5
9.exd5 Nxd5 10.Nxe5 Nxe5 11.Rxe5 c6 12.d4 Bd6 13.Re1 Qh4 14.g3 Qh3 15.Be3 Bg4
16.Qd3 Rae8 17.Nd2 Re6 18.a4 Qh5 19.axb5 axb5 20.Nf1 Bf5 21.Qe2 Bg4 22.Qd3 Bf5
23.Qe2  1/2-1/2

[Event "Kecskemet"]
[Site "Kecskemet"]
[Date "1993.??.??"]
[Round "1"]
[White "Almasi, Zoltan"]
[Black "Krizsany, Laszlo"]
[Result "1/2-1/2"]
[WhiteElo "2580"]
[BlackElo "2370"]

1.e4 c6 2.d4 d5 3.Nc3 dxe4 4.Nxe4 Nd7 5.Ng5 Ngf6 6.Bd3 e6 7.N1f3 h6 8.Nxe6 Qe7
9.O-O fxe6 10.Bg6+ Kd8 11.Re1 Qb4 12.a3 Qa5 13.Bf4 Be7 14.c4 Rf8 15.b4 Qa6
16.Qc1 Ne8 17.Rxe6 Nb6 18.Rxe7 Kxe7 19.Qe3+ Be6 20.d5 cxd5 21.Qc5+ Kf6 22.b5 Qa4
23.Bh5 Nd7 24.Be5+ Nxe5 25.Qxf8+ Nf7 26.Bxf7 Bxf7 27.Re1 Qa5 28.Qe7+ Kg6
29.Ne5+ Kh7 30.Nxf7 Nf6 31.Nd6 dxc4 32.Rf1 Qxa3 33.Qxb7 Rd8 34.Nxc4 Qd3 35.Ne3 Rd7
36.Qc6 Re7 37.Qc5 Rb7 38.Nc4 Qd5 39.Qxd5 Nxd5 40.Nd6 Rb6 41.Nc8 Rxb5 42.Nxa7 Rc5
43.g3 Nc3 44.Kg2 Nb5 45.Ra1 Nxa7 46.Rxa7 h5 47.Re7 Kg6 48.h4 Kf6 49.Rd7 g6
50.Kf3 Rf5+ 51.Ke3 Re5+ 52.Kd3 Re1 53.Kd2 Re5 54.f3 Re6 55.Kd3 Re1 56.Rd6+ Kf7
57.Rd4  1/2-1/2

[Event "Kecskemet"]
[Site "Kecskemet"]
[Date "1993.??.??"]
[Round "5"]
[White "Almasi, Zoltan"]
[Black "Stajcic, Nikola"]
[Result "1-0"]
[WhiteElo "2580"]
[BlackElo "2270"]

1.e4 c5 2.Nf3 d6 3.d4 cxd4 4.Nxd4 Nf6 5.Nc3 Nc6 6.Bg5 e6 7.Qd2 a6 8.O-O-O h6
9.Be3 Be7 10.f4 Nxd4 11.Bxd4 b5 12.Bd3 Bb7 13.Kb1 Qc7 14.Qe1 O-O 15.e5 dxe5
16.Bxe5 Qc6 17.Rg1 Nd7 18.Be4 Qc8 19.Bd4 Bf6 20.g4 Bxd4 21.Rxd4 Nc5 22.Bxb7 Qxb7
23.g5 h5 24.g6 Rad8 25.Rxd8 Rxd8 26.Qe5 b4 27.Qxc5 bxc3 28.gxf7+ Qxf7 29.Qxc3 Kh7
30.b3 Rd5 31.Qc4 a5 32.Qe4+ g6 33.Rg5 Rf5 34.Rxf5 exf5 35.Qe3 Qb7 36.Kb2 Qg2
37.h4 Qg4 38.Qf2 Kh6 39.a4 Qd1 40.Qb6 Qd2 41.Qf6 Kh7 42.Qe7+ Kh6 43.Qe5 Kh7
44.Qc7+ Kg8 45.Qc4+ Kh7 46.b4 axb4 47.a5 Qd8 48.a6 Qf6+ 49.Kb3 Qxh4 50.a7 Qg3+
51.c3 Qf3 52.Qf7+ Kh6 53.Qf8+ Kh7 54.a8=Q Qxc3+ 55.Ka4 Qa3+ 56.Kb5 Qd3+ 57.Ka5  1-0

[Event "Kecskemet"]
[Site "Kecskemet"]
[Date "1993.??.??"]
[Round "7"]
[White "Almasi, Zoltan"]
[Black "Stummer, Anton"]
[Result "1-0"]
[WhiteElo "2580"]
[BlackElo "2295"]

1.e4 c6 2.d4 d5 3.Nc3 dxe4 4.Nxe4 Bf5 5.Ng3 Bg6 6.h4 h6 7.Nf3 Nd7 8.h5 Bh7
9.Bd3 Bxd3 10.Qxd3 e6 11.Bf4 Ngf6 12.O-O-O Be7 13.Ne5 Nxe5 14.Bxe5 b5 15.Ne4 Qd5
16.Nc3 Qd7 17.Kb1 b4 18.Ne4 Nxe4 19.Qxe4 O-O 20.Qg4 f6 21.Bf4 Bd6 22.Bc1 f5
23.Qf3 Rad8 24.Rhe1 Rfe8 25.g4 Be7 26.gxf5 exf5 27.Rg1 Bg5 28.Bxg5 hxg5 29.Rxg5 Qxd4
30.Rdg1 Rd7 31.h6 Qe4 32.Qb3+ Kh7 33.a4 gxh6 34.Rg6 Rd1+ 35.Rxd1 Kxg6 36.Rg1+ Kf6
37.Qg3 Ke6 38.Qg7 Re7 39.Qxh6+ Kd7 40.Rd1+ Kc7 41.Qd6+ Kb7 42.f3 Qe6 43.Qxb4+ Ka6
44.b3 Rd7 45.Re1 Qd5 46.Qc3 f4 47.Re4 Qd1+ 48.Kb2 c5 49.Qxc5  1-0

[Event "Kecskemet"]
[Site "Kecskemet"]
[Date "1993.??.??"]
[Round "9"]
[White "Almasi, Zoltan"]
[Black "Szalanczy, Emil"]
[Result "1-0"]
[WhiteElo "2580"]
[BlackElo "2365"]

1.e4 c5 2.Nf3 d6 3.d4 cxd4 4.Nxd4 Nf6 5.Nc3 g6 6.Be3 Bg7 7.f3 Nc6 8.Qd2 O-O
9.O-O-O Ne5 10.g4 e6 11.Be2 d5 12.g5 Nh5 13.f4 Nc4 14.Bxc4 dxc4 15.e5 Qa5
16.Kb1 Bd7 17.Ne4 Qc7 18.Qe2 b5 19.Rhg1 Bc6 20.Nf6+ Bxf6 21.gxf6 Kh8 22.Bc1 c3
23.b3 Qb7 24.Rd3 b4 25.Rh3 Rg8 26.f5 Bd5 27.Bh6 Qb6 28.fxg6 fxg6 29.Qf2 Be4
30.f7 Bf5 31.fxg8=Q+ Rxg8 32.Rh4 a5 33.Bg5 h6 34.Rxh5 gxh5 35.Bf6+ Kh7 36.Rxg8 Kxg8
37.Qg1+ Bg4 38.h3 a4 39.hxg4 h4 40.g5 h5 41.Qd1  1-0

[Event "Kecskemet"]
[Site "Kecskemet"]
[Date "1993.??.??"]
[Round "11"]
[White "Almasi, Zoltan"]
[Black "Videki, Sandor"]
[Result "1-0"]
[WhiteElo "2580"]
[BlackElo "2415"]

1.e4 Nf6 2.e5 Nd5 3.d4 d6 4.Nf3 dxe5 5.Nxe5 g6 6.Bc4 c6 7.O-O Nd7 8.Nf3 N7b6
9.Bb3 Bg4 10.Nbd2 Bg7 11.h3 Bxf3 12.Nxf3 O-O 13.Re1 a5 14.a4 Nd7 15.Bg5 Re8
16.Bh4 Rc8 17.c3 N7f6 18.Ne5 Nd7 19.Nd3 Bf6 20.Bg3 e6 21.Qf3 Bg7 22.Rad1 Qb6
23.Bc4 N5f6 24.Re2 Qa7 25.Rde1 Qa8 26.Bh4 Qb8 27.Bg3 Qa8 28.Ne5 Nxe5 29.Bxe5 Nd5
30.h4 Bxe5 31.Rxe5 Qb8 32.h5 Qd6 33.Bd3 b6 34.g3 Qf8 35.Kg2 Qg7 36.Be4 Ne7
37.Bb1 Red8 38.Ba2 Nd5 39.Rh1 Rc7 40.Rh4 Re7 41.Bb3 Red7 42.Rg4 Rd6 43.hxg6 hxg6
44.Re1 Kf8 45.Rh4 Ke7 46.Bxd5 cxd5 47.Reh1 Rg8 48.Qe2 Qf8 49.Rh7 Rg7 50.Rh8 Rg8
51.Qe5 g5 52.R1h7 Rd8 53.Rxg8 Qxg8 54.Rg7 Qf8 55.Qxg5+ Kd7 56.Qf6 Ke8 57.Rh7  1-0

[Event "New York op"]
[Site "New York"]
[Date "1993.??.??"]
[Round "2"]
[White "Almasi, Zoltan"]
[Black "Anderson, Renard"]
[Result "0-1"]
[WhiteElo "2490"]
[BlackElo "2275"]

1.e4 c5 2.Nf3 d6 3.d4 cxd4 4.Nxd4 Nf6 5.Nc3 a6 6.f4 e5 7.Nf3 Nbd7 8.a4 Be7
9.Bd3 O-O 10.O-O exf4 11.Kh1 Nc5 12.Bxf4 Bd7 13.Qe1 Rc8 14.Bg5 Be6 15.Rd1 Qc7
16.Qg3 Kh8 17.Qh4 Ng8 18.Be2 Bf6 19.Bxf6 Nxf6 20.Ng5 Ncd7 21.e5 dxe5 22.Nce4 Qxc2
23.Bd3 Qxa4 24.Rd2 h6 25.Rdf2 Nxe4 26.Bxe4 Bd5 27.Qg4 Bxe4 28.Nxf7+ Kh7 29.Qh3 Bg6
30.b3 Qb5 31.Ng5+ Kh8 32.Qxd7 Qxf1+  0-1

[Event "New York op"]
[Site "New York"]
[Date "1993.??.??"]
[Round "3"]
[White "Rahman, Zillur"]
[Black "Almasi, Zoltan"]
[Result "0-1"]
[WhiteElo "2320"]
[BlackElo "2490"]

1.e4 e5 2.f4 exf4 3.Bc4 Nf6 4.Nc3 c6 5.d4 d5 6.exd5 cxd5 7.Bb5+ Bd7 8.Bxd7+ Nbxd7
9.Bxf4 Bb4 10.Ne2 O-O 11.O-O Qb6 12.Qd3 Rac8 13.Rab1 Qc6 14.Kh1 Rfe8 15.Rbc1 Qc4
16.Rcd1 Qxd3 17.Rxd3 Nb6 18.a3 Bxc3 19.Nxc3 Ne4 20.Nxe4 dxe4 21.Rd2 Nd5 22.Re2 Re6
23.Bc1 g6 24.g4 f6 25.Kg2 b5 26.c3 a5 27.Bh6 Kf7 28.Kg3 a4 29.Bc1 Ke7 30.h4 Rf8
31.h5 f5 32.Bg5+ Kd7 33.gxf5 gxf5 34.Ref2 f4+ 35.Bxf4 e3 36.Bxe3 Rxe3+ 37.Kh4 Rxf2
38.Rxf2 h6 39.Rf5 Ke6 40.Rf8 Re4+ 41.Kg3 Re2 42.Rb8 Rxb2 43.Rh8 Rb3 44.Rxh6+ Kf5
45.Rd6 Rxc3+ 46.Kf2 Nf6 47.Rb6 Rxa3 48.Rxb5+ Ke4 49.Kg2 Ng4 50.Rg5 Kf4 51.Rg8 Rg3+  0-1

[Event "New York op"]
[Site "New York"]
[Date "1993.??.??"]
[Round "5"]
[White "Almasi, Zoltan"]
[Black "Gurevich, Dmitry"]
[Result "1-0"]
[WhiteElo "2490"]
[BlackElo "2495"]

1.e4 c5 2.Nf3 d6 3.d4 cxd4 4.Nxd4 Nf6 5.Nc3 a6 6.f4 e6 7.Qf3 Qb6 8.a3 Nc6
9.Nxc6 bxc6 10.b3 e5 11.fxe5 dxe5 12.h3 Be6 13.Bb2 Be7 14.Na4 Qc7 15.Bd3 O-O
16.O-O Nd7 17.Qe2 f6 18.Bc4 Bxc4 19.Qxc4+ Kh8 20.Rad1 Nb6 21.Nxb6 Qxb6+ 22.Kh1 Qb5
23.Qe6 Rac8 24.Qg4 Rcd8 25.a4 Qc5 26.Qe2 h6 27.Bc1 Qb6 28.Kh2 Bc5 29.Qc4 a5
30.Qe6 Rde8 31.Qg4 Re7 32.Rd3 Qc7 33.Rg3 Qd7 34.Qh5 Ref7 35.Rf5 Kh7 36.h4 Kh8
37.c3 Qa7 38.Qf3 Kh7 39.Qg4 Qd7 40.Qg6+ Kh8 41.Rh5 f5 42.Rxf5 Rxf5 43.exf5 e4
44.Bf4 Qf7 45.Qg4 h5 46.Qg6 Qxg6 47.Rxg6 Rxf5 48.Rxc6 Rxf4 49.Rxc5 Rxh4+
50.Kg3 Rg4+ 51.Kh3 g6 52.Rxa5 Kg7 53.Rd5 Kf6 54.Rd1 Rg5 55.b4 h4 56.a5 Rg3+
57.Kh2 Rd3 58.Ra1 e3 59.a6 e2 60.a7 Rd8 61.b5  1-0

[Event "New York op"]
[Site "New York"]
[Date "1993.??.??"]
[Round "7"]
[White "Almasi, Zoltan"]
[Black "Giorgadze, Giorgi"]
[Result "1/2-1/2"]
[WhiteElo "2490"]
[BlackElo "2540"]

1.e4 e5 2.Nf3 Nc6 3.Bb5 g6 4.c3 a6 5.Ba4 d6 6.O-O Bg7 7.d4 Bd7 8.d5 Nce7
9.Bxd7+ Qxd7 10.c4 h6 11.Ne1 f5 12.f3 Nf6 13.Nc3 O-O 14.Nd3 c6 15.a4 Rf7
16.Bd2 a5 17.Qe2 fxe4 18.fxe4 Raf8 19.Rac1 Kh7 20.Be3 h5 21.h3 Qd8 22.Ne1 Kg8
23.Nf3 Nh7 24.Rcd1 c5 25.Qe1 Bf6 26.Qg3 Kg7 27.Bd2 Ng8 28.Nb5 Nh6 29.Qe1 b6
30.Qe3 Ng8 31.Bc1 Kh8 32.Qe2 Bg7 33.Rf2 Bh6 34.Bxh6 Nxh6 35.Rdf1 Kg7 36.Ne1 Rxf2
37.Rxf2 Rf6 38.Rxf6 Nxf6 39.Nf3 Nf7 40.Qe3 Ne8 41.g3  1/2-1/2

[Event "Zuerich op"]
[Site "Zuerich"]
[Date "1993.??.??"]
[Round "?"]
[White "Giertz, Niklaus"]
[Black "Almasi, Zoltan"]
[Result "1/2-1/2"]
[WhiteElo "2245"]
[BlackElo "2580"]

1.d4 Nf6 2.c4 e6 3.Nf3 b6 4.g3 Ba6 5.b3 Bb7 6.Bg2 Bb4+ 7.Bd2 a5 8.O-O O-O
9.Nc3 Re8 10.a3 Bf8 11.Bg5 h6 12.Bxf6 Qxf6 13.e4 d6 14.Nb5 Na6 15.d5 exd5
16.exd5 c6 17.dxc6 Bxc6 18.Nfd4 Bxg2 19.Kxg2 d5 20.cxd5 Rad8 21.Nc3 Nc7 22.Ndb5 Nxb5
23.Nxb5 Re5 24.Nc3 b5 25.Qd4 b4 26.f4 Rexd5 27.Qxf6 Rd2+ 28.Kh3 gxf6 29.axb4 Rc2
30.Rfc1 Rxc1 31.Rxc1 axb4 32.Rd1 Re8 33.Nd5 Kg7 34.Rd4 Rd8 35.Rd3 Rc8 36.Kg4 Bc5
37.h4 Rc6 38.Ne3 Bxe3 39.Rxe3  1/2-1/2

[Event "Zuerich op"]
[Site "Zuerich"]
[Date "1993.??.??"]
[Round "?"]
[White "Almasi, Zoltan"]
[Black "Schubert, Hans Joach"]
[Result "1-0"]
[WhiteElo "2580"]
[BlackElo "2195"]

1.e4 e5 2.Nf3 Nc6 3.Bb5 a6 4.Ba4 d6 5.O-O Bd7 6.c3 g6 7.d4 Bg7 8.d5 Nce7
9.Bxd7+ Qxd7 10.c4 Nf6 11.Nc3 O-O 12.Be3 Ng4 13.Bd2 h6 14.Ne1 f5 15.f3 Nf6
16.Nd3 f4 17.a4 g5 18.a5 Ng6 19.c5 Rf7 20.Qb3 Rb8 21.cxd6 Qxd6 22.Na4 Nd7
23.Rac1 c6 24.Bb4 Qf6 25.dxc6 bxc6 26.Qc4 g4 27.fxg4 Qg5 28.Bd6 Rd8 29.Nf2 h5
30.Rcd1 Nf6 31.Nc5 Re8 32.Ne6 Qh4 33.gxh5 Nxh5 34.Rd3 f3 35.Rxf3 Rxf3 36.Ng5+ Kh8
37.Nxf3 Qf6 38.Bc5 Nhf4 39.g3 Ne6 40.Ng4 Qd8 41.Bb6 Qd7 42.Ne3 Nd4 43.Ng5  1-0

[Event "Zuerich op"]
[Site "Zuerich"]
[Date "1993.??.??"]
[Round "?"]
[White "Almasi, Zoltan"]
[Black "Huss, Andreas"]
[Result "1-0"]
[WhiteElo "2580"]
[BlackElo "2410"]

1.e4 e6 2.d4 d5 3.Nc3 Bb4 4.e5 b6 5.a3 Bxc3+ 6.bxc3 Qd7 7.a4 Ba6 8.Bxa6 Nxa6
9.Qd3 Nb8 10.Nh3 Nc6 11.O-O Na5 12.Nf4 g6 13.Qf3 Nc4 14.Nd3 a5 15.Rd1 h6
16.h4 Rh7 17.Nb2 Nxb2 18.Bxb2 Qc6 19.Rd3 Kd7 20.c4 Qxc4 21.Rc3 Qa6 22.Ba3 Rc8
23.Rb1 h5 24.Rb5 c6 25.Rb1 Rc7 26.Rcb3 Rb7 27.Bc5 b5 28.Qd3 Nh6 29.axb5 cxb5
30.Rxb5 Rxb5 31.Rxb5 Rh8 32.Bf8 Rxf8 33.Rxd5+ exd5 34.Qxa6 Rd8 35.Qxa5 Ke7
36.c4 dxc4 37.Qc5+ Ke8 38.Qxc4 Nf5 39.d5 Ne7 40.d6 Nf5 41.Qc6+ Kf8 42.Qc7 Ke8
43.f3 Rd7 44.Qc8+ Rd8 45.Qc6+ Rd7 46.e6  1-0

[Event "Zuerich op"]
[Site "Zuerich"]
[Date "1993.??.??"]
[Round "?"]
[White "Shvidler, Eliahu"]
[Black "Almasi, Zoltan"]
[Result "0-1"]
[WhiteElo "2415"]
[BlackElo "2580"]

1.d4 Nf6 2.Nf3 e6 3.c4 b6 4.g3 Ba6 5.b3 Bb7 6.Bg2 Bb4+ 7.Bd2 a5 8.O-O O-O
9.Nc3 d5 10.Ne5 c6 11.Rc1 dxc4 12.Nxc4 b5 13.Ne5 Qxd4 14.Nd3 Qb6 15.Be3 c5
16.Bxb7 Qxb7 17.Bxc5 Rd8 18.Qc2 Na6 19.Be3 Ba3 20.Rcd1 Rac8 21.Qd2 Bb4 22.Rc1 Ne4
23.Nxe4 Bxd2 24.Nxd2 Rxc1 25.Rxc1 Rc8  0-1

[Event "Altensteig"]
[Site "Altensteig"]
[Date "1994.??.??"]
[Round "2"]
[White "Almasi, Zoltan"]
[Black "Hug, Werner"]
[Result "0-1"]
[WhiteElo "2620"]
[BlackElo "2445"]

1.e4 e6 2.d4 d5 3.Nc3 Bb4 4.e5 c5 5.a3 Ba5 6.b4 cxd4 7.Nb5 Bc7 8.f4 Nh6 9.Nf3 Bd7
10.Nxc7+ Qxc7 11.Bd3 a6 12.O-O Bb5 13.Bxb5+ axb5 14.Qd3 Nc6 15.Qxb5 Qd7 16.Qc5 Rc8
17.Re1 Nf5 18.Qb6 h5 19.Re2 O-O 20.Bb2 Nce7 21.Nxd4 Rc4 22.Nb3 d4 23.Nc5 Qd5
24.Nb3 d3 25.Rf2 Rxc2 26.Nd4 Rxf2 27.Kxf2 Rc8 28.Kg1 Nh4  0-1